Statistics for Walking Across Borders with Hints #1

Click here to take the quiz!

General Stats

  • This quiz has been taken 80,503 times
  • The average score is 14 of 21

Answer Stats

HintAnswer% Correct
Birthplace of the RenaissanceItaly
96%
Borders the Yellow SeaChina
88%
Name ends in "stan"Kazakhstan
82%
Has a name that starts and ends
with the same letter
Austria
79%
Home of the MagyarsHungary
78%
Has the island of PhuketThailand
77%
Borders the Bering SeaRussia
75%
Tamil is one of 23 languages
recognized in the Constitution
India
71%
Borders the Persian GulfIran
71%
Fought a war with the above
in the 1980s
Iraq
69%
Its former capital was formerly
known as Rangoon
Myanmar
69%
Location of K2 mountainPakistan
68%
Invaded by the U.S. in 1970Cambodia
66%
Suffered a major famine in 1932–33Ukraine
66%
Shares the Red River with the aboveVietnam
66%
Its largest city was bombed by
Russia in 2016
Syria
63%
Probably has nuclear weaponsIsrael
61%
Its population is projected to reach
137 million in 2050
Egypt
56%
Became independent in 2011South Sudan
55%
Upriver from the aboveSudan
52%
Touches the Atlantic OceanD.R. Congo
38%

Score Distribution

Percentile by Number Answered

Percent of People with Each Score

Your Score History

You have not taken this quiz